|
|
|
|
| LEADER |
02213 a2200409 4500 |
| 001 |
44094 |
| 003 |
BD-DhAAL |
| 005 |
20250909101154.0 |
| 008 |
250209t2021 sz a|||| b||| 001 0 eng d |
| 020 |
|
|
|a 9783030830977
|
| 020 |
|
|
|a 9783030830984
|
| 040 |
|
|
|a BD-DhAAL
|
| 082 |
|
|
|a 006.31
|2 21
|
| 100 |
|
|
|a Schuld, Maria.
|9 56933
|
| 245 |
|
|
|a Machine learning with quantum computers /
|c Maria Schuld, F. Petruccione.
|
| 250 |
|
|
|a Second edition.
|
| 260 |
|
|
|a Cham, Switzerland :
|b Springer,
|c 2021.
|
| 300 |
|
|
|a xiv, 312 pages :
|b illustrations (some color) ;
|c 24 cm
|
| 490 |
|
|
|a Quantum science and technology
|
| 504 |
|
|
|a Includes bibliographical references and index.
|
| 505 |
|
|
|a Introduction
Machine learning
Quantum computing
Representing data on a quantum computer
Variational circuits as machine learning models
Quantum models as Kernel methods
Fault-tolerant quantum machine learning
Approaches based on the Ising model
Potential quantum advantages
|
| 526 |
|
|
|x Sowmitra Das
Lecturer,
Department of CSE
Course name and no: Quantum Computers (CSE 771)
|
| 541 |
|
|
|a Book finder International.
|e 44095, 44094
|
| 650 |
|
|
|a Machine learning.
|
| 650 |
|
|
|a Quantum computers.
|
| 650 |
|
|
|a Quantum theory.
|
| 650 |
|
|
|a Artificial intelligence.
|
| 650 |
|
|
|a Computer science.
|
| 650 |
|
|
|a Neural networks (Computer science).
|
| 650 |
|
|
|a Conceptual structures (Information theory).
|9 57762
|
| 700 |
|
|
|a Petruccione, F.
|9 57726
|
| 830 |
|
|
|a Quantum science and technology
|9 57725
|
| 852 |
|
|
|a Ayesha Abed Library
|c General Stacks
|
| 942 |
|
|
|2 ddc
|c BK
|
| 999 |
|
|
|c 47001
|d 47001
|
| 952 |
|
|
|0 0
|1 0
|2 ddc
|4 0
|6 006_310000000000000_SCH
|7 0
|9 77323
|a BRACUL
|b BRACUL
|c GEN
|d 2025-02-04
|e Book Finder International
|g 10084.00
|l 1
|o 006.31 SCH
|p 3010044094
|r 2026-04-22
|s 2026-04-15
|t 1
|v 10084.00
|w 2025-02-04
|y BK
|x Requisitioned by Sowmitra Das for the course named- "Quantum Computing (CSE771)".
|
| 952 |
|
|
|0 0
|1 0
|2 ddc
|4 0
|6 006_310000000000000_SCH
|7 0
|9 77324
|a BRACUL
|b BRACUL
|c GEN
|d 2025-02-04
|e Book Finder International
|g 10084.00
|l 2
|m 14
|o 006.31 SCH
|p 3010044095
|q 2026-06-02
|r 2026-01-07
|s 2026-01-07
|t 2
|v 10084.00
|w 2025-02-04
|y BK
|x Requisitioned by Sowmitra Das for the course named- "Quantum Computing (CSE771)".
|